Quiz Marvel etc - Statistiques

Statistiques générales
  • Ce quiz a été pris 4 fois
  • Le résultat moyen est 1 sur 19
Statistiques - réponses
Hint Réponse % Correct
Qui as jouer le rôle de bane dans Batman rises Tom hardy
100%
Qui est la fille de Jim gordon en fauteuil Barbara gordon
25%
Quel est le dernier film du dceu Aquaman 2
0%
Enemi de la haute république présent dans survivor Dagan gera
0%
Pareil pour firestorm Deathstorm
0%
Que veut dire dc comics Détective comics
0%
Comment s’appelle daffy duck dans lego Batman beyond gotham Green loontern
0%
Nom du pilote du mantis Greez
0%
Qui est posséder par le spectre dans Green lantern Hal jordan
0%
Base principal de la JLA Hall of justice
0%
Nom complet de martian manhunter Jon johnz
0%
Nom complet de supergirl Kara zor el
0%
Alié et ami de dark revan Malak
0%
Pirate qui aide Ezra et les rebels Ondo onaka
0%
Nom du père de Victor stone Silas
0%
Chef des wookie Tarful
0%
Créateur des sentinelles Trask
0%
Nom du superman qui sniff de la kryptonite Ultraman
0%
Ami de peacemaker fou Vigilante
0%
Aucun quiz correspondant
Distribution des résultats
% des personnes avec chaque résultat
Percentile par nombre de réponses
Votre historique - résultats
Vous n’avez pas pris ce quiz